[Event "Paris-ch op"]
[Site "Paris"]
[Date "2000.07.17"]
[Round "3"]
[White "Sellos, Didier"]
[Black "Lautier, Joel"]
[Result "0-1"]
[WhiteElo "2372"]
[BlackElo "2648"]
[PlyCount "48"]
[EventDate "2000.07.15"]
[EventType "swiss"]
[EventRounds "9"]
[EventCountry "FRA"]
[SourceTitle "EXT 2001"]
[Source "ChessBase"]
[SourceDate "2000.11.22"]
[SourceVersion "1"]
[SourceVersionDate "2000.11.22"]
[SourceQuality "1"]

1. d4 d5 2. c4 e6 3. Nc3 c6 4. cxd5 exd5 5. g3 Nf6 6. Bg2 Be7 7. Nf3 0-0 8. 0-0 Bf5 9. Qb3 Qb6 10. Qxb6 axb6 11. Bf4 Re8 12. h3 h6 13. g4 Bh7 14. Nd2 b5 15. a3 Nbd7 16. f3 Nb6 17. Rfe1 Na4 18. Nxa4 Rxa4 19. e3 Nd7 20. Rac1 Bh4 21. Red1 g5 22. Bc7 Rxe3 23. Nb1 Ra8 24. Nc3 Rae8 0-1

[Event "Montpellier op 7th"]
[Site "Montpellier"]
[Date "2000.07.??"]
[Round "4"]
[White "Moingt, Anne"]
[Black "Sellos, Didier"]
[Result "0-1"]
[WhiteElo "2135"]
[BlackElo "2372"]
[PlyCount "66"]
[EventDate "2000.07.05"]
[EventType "swiss"]
[EventRounds "9"]
[EventCountry "FRA"]
[SourceTitle "EXT 2001"]
[Source "ChessBase"]
[SourceDate "2000.11.22"]
[SourceVersion "1"]
[SourceVersionDate "2000.11.22"]
[SourceQuality "1"]

1. e4 e6 2. d4 d5 3. Nd2 Nf6 4. e5 Nfd7 5. Bd3 c5 6. c3 Nc6 7. Ne2 cxd4 8. cxd4 f6 9. exf6 Nxf6 10. 0-0 Bd6 11. Nf3 0-0 12. Bf4 Bxf4 13. Nxf4 Qd6 14. g3 e5 15. dxe5 Nxe5 16. Nxe5 Qxe5 17. Qb3 Bd7 18. Rfe1 Qd6 19. Rad1 Bc6 20. Re6 Qc5 21. Re2 Rfe8 22. Ne6 Qa5 23. Rde1 Re7 24. Rc1 Rae8 25. Nd4 Rxe2 26. Nxe2 Ne4 27. Nd4 Nxf2 28. Bxh7+ Kxh7 29. Qc2+ Ne4 30. Nxc6 bxc6 31. Qe2 Qb6+ 32. Kg2 Rf8 33. Qh5+ Kg8 0-1

[Event "Montpellier op 7th"]
[Site "Montpellier"]
[Date "2000.07.??"]
[Round "3"]
[White "Sellos, Didier"]
[Black "Dimitrov, Vladimir"]
[Result "0-1"]
[WhiteElo "2372"]
[BlackElo "2499"]
[PlyCount "80"]
[EventDate "2000.07.05"]
[EventType "swiss"]
[EventRounds "9"]
[EventCountry "FRA"]
[SourceTitle "EXT 2001"]
[Source "ChessBase"]
[SourceDate "2000.11.22"]
[SourceVersion "1"]
[SourceVersionDate "2000.11.22"]
[SourceQuality "1"]

1. d4 Nf6 2. c4 g6 3. Nc3 Bg7 4. e4 d6 5. Nf3 0-0 6. Be2 e5 7. 0-0 Nbd7 8. Re1 c6 9. Bf1 Re8 10. d5 c5 11. a3 Re7 12. b4 Ne8 13. Bg5 f6 14. Bh4 b6 15. Qc2 Nf8 16. bxc5 bxc5 17. Nd2 h5 18. f3 Bh6 19. Bf2 Rg7 20. Nb3 f5 21. Kh1 f4 22. Na4 g5 23. Naxc5 dxc5 24. Nxc5 g4 25. Nd3 Ng6 26. Reb1 Qg5 27. Ra2 Nf6 28. Rab2 Kh7 29. Rb8 Rxb8 30. Rxb8 Bd7 31. c5 Nh4 32. Ne1 g3 33. Bg1 gxh2 34. Bf2 Nxg2 35. Nxg2 Bh3 36. Be1 Ng4 37. fxg4 f3 38. Kxh2 Qxg4 39. Kg1 fxg2 40. Ba6 Be3+ 0-1

[Event "FRA-chT 9900"]
[Site "France"]
[Date "2000.04.02"]
[Round "7.6"]
[White "Giffard, Nicolas"]
[Black "Sellos, Didier"]
[Result "1-0"]
[WhiteElo "2364"]
[BlackElo "2375"]
[PlyCount "80"]
[EventDate "1999.02.04"]
[EventType "team"]
[EventRounds "11"]
[EventCountry "FRA"]
[SourceTitle "EXT 2001"]
[Source "ChessBase"]
[SourceDate "2000.11.22"]
[SourceVersion "1"]
[SourceVersionDate "2000.11.22"]
[SourceQuality "1"]

1. d4 Nf6 2. c4 g6 3. Nc3 d5 4. cxd5 Nxd5 5. Bd2 Bg7 6. e4 Nxc3 7. Bxc3 0-0 8. Nf3 Bg4 9. Be2 c5 10. d5 Bxc3+ 11. bxc3 Nd7 12. Ng5 Bxe2 13. Qxe2 Qc7 14. 0-0 Qf4 15. Nf3 Ne5 16. Ne1 c4 17. g3 Qf6 18. f4 Nd7 19. Rc1 Qa6 20. Nf3 Nc5 21. Rc2 e6 22. dxe6 Qxe6 23. e5 Rad8 24. Qf2 Rd5 25. Nd4 Qd7 26. Nf3 b5 27. Ng5 h6 28. Nf3 Rd8 29. Qe3 Qf5 30. Re2 Qd3 31. Nd4 Qxe3+ 32. Rxe3 Na4 33. e6 fxe6 34. Rxe6 Kf7 35. Rfe1 R8d7 36. f5 Nxc3 37. fxg6+ Kg7 38. Nc6 Nxa2 39. Ne7 Rc5 40. Rb1 c3 1-0

[Event "FRA-chT 9900"]
[Site "France"]
[Date "2000.04.01"]
[Round "6.7"]
[White "Giua, Frederic"]
[Black "Sellos, Didier"]
[Result "0-1"]
[WhiteElo "2138"]
[BlackElo "2375"]
[PlyCount "56"]
[EventDate "1999.02.04"]
[EventType "team"]
[EventRounds "11"]
[EventCountry "FRA"]
[SourceTitle "EXT 2001"]
[Source "ChessBase"]
[SourceDate "2000.11.22"]
[SourceVersion "1"]
[SourceVersionDate "2000.11.22"]
[SourceQuality "1"]

1. d4 Nf6 2. g3 c5 3. d5 e6 4. c4 exd5 5. cxd5 d6 6. Nc3 g6 7. Bg2 Bg7 8. Nf3 0-0 9. 0-0 a6 10. a4 Nbd7 11. h3 Rb8 12. Rb1 Qc7 13. b3 Re8 14. Re1 b5 15. axb5 axb5 16. Nd2 Ne5 17. f4 Neg4 18. hxg4 Nxg4 19. Nde4 b4 20. Na4 Bf5 21. e3 Rxe4 22. Bxe4 Bxe4 23. Qxg4 Bxb1 24. Qe2 Be4 25. Rd1 Qd7 26. Kh2 h5 27. Bb2 Qf5 28. Qc4 h4 0-1

[Event "FRA-chT 9900"]
[Site "France"]
[Date "2000.03.30"]
[Round "4.6"]
[White "Sellos, Didier"]
[Black "Roy, Arnaud"]
[Result "1-0"]
[WhiteElo "2375"]
[BlackElo "2090"]
[PlyCount "87"]
[EventDate "1999.02.04"]
[EventType "team"]
[EventRounds "11"]
[EventCountry "FRA"]
[SourceTitle "EXT 2001"]
[Source "ChessBase"]
[SourceDate "2000.11.22"]
[SourceVersion "1"]
[SourceVersionDate "2000.11.22"]
[SourceQuality "1"]

1. d4 Nf6 2. Nf3 g6 3. c4 Bg7 4. Nc3 0-0 5. e4 d6 6. Be2 e5 7. 0-0 Nc6 8. d5 Ne7 9. b4 Nh5 10. g3 f5 11. exf5 gxf5 12. Bb2 Nf6 13. Nd2 c6 14. Qb3 cxd5 15. cxd5 Ng6 16. Nc4 f4 17. Bf3 Bh3 18. Rfe1 Rf7 19. b5 Bf8 20. a4 h5 21. Ne4 Nxe4 22. Bxe4 Rg7 23. Kh1 h4 24. Rg1 hxg3 25. fxg3 Qf6 26. Qf3 Rc8 27. Nd2 Rcc7 28. Qh5 Bc8 29. Raf1 Rcf7 30. gxf4 Bf5 31. Bxf5 Qxf5 32. Qxf5 Rxf5 33. fxe5 Rxf1 34. Rxf1 Nxe5 35. Bxe5 dxe5 36. Ne4 Rg6 37. Rf5 Bh6 38. Rxe5 Be3 39. Ng3 Bf4 40. Re7 a6 41. Rxb7 axb5 42. axb5 Bxg3 43. hxg3 Rxg3 44. b6 1-0

[Event "FRA-ch qual"]
[Site "Bescanon"]
[Date "1999.08.26"]
[Round "9"]
[White "Sellos, Didier"]
[Black "Leroy, Didier"]
[Result "1-0"]
[WhiteElo "2372"]
[BlackElo "2325"]
[PlyCount "81"]
[EventDate "1999.08.18"]
[EventType "swiss"]
[EventRounds "11"]
[EventCountry "FRA"]
[SourceTitle "EXT 2000"]
[Source "ChessBase"]
[SourceDate "1999.11.16"]
[SourceVersion "1"]
[SourceVersionDate "1999.11.16"]
[SourceQuality "1"]

1. d4 d5 2. c4 c6 3. Nc3 Nf6 4. Nf3 e6 5. Bg5 h6 6. Bxf6 Qxf6 7. e3 Qd8 8. Qc2 Be7 9. Rd1 0-0 10. a3 Nd7 11. Be2 b6 12. cxd5 cxd5 13. 0-0 Bb7 14. Rc1 a6 15. a4 Qb8 16. Bd3 Bd6 17. Qe2 Qa7 18. e4 dxe4 19. Nxe4 Bf4 20. Rc3 Rae8 21. Bb1 Ba8 22. Qc2 f5 23. Ned2 Qb7 24. Nc4 Bb8 25. Re1 e5 26. dxe5 Nxe5 27. Ncxe5 Rxe5 28. Rxe5 Bxe5 29. Re3 Bd6 30. Qd1 Bc5 31. Rd3 Qc6 32. b4 Be7 33. Re3 Bg5 34. Re1 Kh8 35. b5 axb5 36. axb5 Qb7 37. Qd6 Rf6 38. Re8+ Kh7 39. Qd8 Rf8 40. Nxg5+ hxg5 41. Qxg5 1-0

[Event "FRA-ch qual"]
[Site "Bescanon"]
[Date "1999.08.25"]
[Round "8"]
[White "Marcelin, Cyril"]
[Black "Sellos, Didier"]
[Result "1-0"]
[WhiteElo "2395"]
[BlackElo "2372"]
[PlyCount "53"]
[EventDate "1999.08.18"]
[EventType "swiss"]
[EventRounds "11"]
[EventCountry "FRA"]
[SourceTitle "EXT 2000"]
[Source "ChessBase"]
[SourceDate "1999.11.16"]
[SourceVersion "1"]
[SourceVersionDate "1999.11.16"]
[SourceQuality "1"]

1. e4 c5 2. Nf3 e6 3. b3 b6 4. c4 Bb7 5. Nc3 d6 6. d4 cxd4 7. Nxd4 Nf6 8. Bd3 Nbd7 9. Bc2 Be7 10. 0-0 a6 11. Qe2 0-0 12. Bb2 Re8 13. Rad1 Qc7 14. f4 Bf8 15. Nf3 g6 16. Kh1 Rad8 17. e5 dxe5 18. fxe5 Ng4 19. Ne4 Bg7 20. Nd6 Rf8 21. Nxb7 Qxb7 22. Rd4 f5 23. exf6 Ndxf6 24. Qxe6+ Kh8 25. Rxd8 Rxd8 26. Ng5 Rd2 27. Qe8+ 1-0

[Event "FRA-ch qual"]
[Site "Bescanon"]
[Date "1999.08.22"]
[Round "5"]
[White "Sellos, Didier"]
[Black "Daurelle, Herve"]
[Result "1-0"]
[WhiteElo "2372"]
[BlackElo "2230"]
[PlyCount "59"]
[EventDate "1999.08.18"]
[EventType "swiss"]
[EventRounds "11"]
[EventCountry "FRA"]
[SourceTitle "EXT 2000"]
[Source "ChessBase"]
[SourceDate "1999.11.16"]
[SourceVersion "1"]
[SourceVersionDate "1999.11.16"]
[SourceQuality "1"]

1. d4 d5 2. c4 e6 3. Nc3 c5 4. cxd5 exd5 5. Nf3 Nc6 6. g3 Nf6 7. Bg2 Be7 8. 0-0 0-0 9. dxc5 Bxc5 10. Bg5 d4 11. Bxf6 Qxf6 12. Nd5 Qd6 13. Nd2 Be6 14. Nf4 Bb6 15. a3 Rfe8 16. Re1 Rad8 17. Rc1 d3 18. Nxd3 Nd4 19. Ne4 Nxe2+ 20. Rxe2 Qxd3 21. Qxd3 Rxd3 22. Ng5 Red8 23. Nxe6 Rd1+ 24. Bf1 fxe6 25. Rxd1 Rxd1 26. Rxe6 Rd2 27. Re2 Rxe2 28. Bxe2 a5 29. b3 Bc5 30. a4 1-0

[Event "FRA-ch qual"]
[Site "Bescanon"]
[Date "1999.08.18"]
[Round "1"]
[White "Sellos, Didier"]
[Black "Peltrault, Frederic"]
[Result "1-0"]
[WhiteElo "2372"]
[BlackElo "2196"]
[PlyCount "59"]
[EventDate "1999.08.18"]
[EventType "swiss"]
[EventRounds "11"]
[EventCountry "FRA"]
[SourceTitle "EXT 2000"]
[Source "ChessBase"]
[SourceDate "1999.11.16"]
[SourceVersion "1"]
[SourceVersionDate "1999.11.16"]
[SourceQuality "1"]

1. d4 Nf6 2. c4 e5 3. dxe5 Ne4 4. a3 d6 5. Nf3 Nc6 6. exd6 Bxd6 7. Nbd2 Bf5 8. e3 Qf6 9. Nxe4 Bxe4 10. Bd3 Bxd3 11. Qxd3 0-0-0 12. Qc2 Ne5 13. Nxe5 Bxe5 14. f4 Bxf4 15. exf4 Rhe8+ 16. Kf2 Qd4+ 17. Kf3 Kb8 18. h3 f5 19. Qxf5 Qxc4 20. Kg3 Re2 21. Rg1 g6 22. Qf6 Rd3+ 23. Kh2 b6 24. a4 Qe4 25. a5 b5 26. Qf8+ Kb7 27. a6+ Kb6 28. Qb8+ Kc5 29. Qxc7+ Kb4 30. Ra3 1-0

[Event "Bagneux"]
[Site "Bagneux"]
[Date "1999.??.??"]
[Round "9"]
[White "Bartha, Sandor"]
[Black "Sellos, Didier"]
[Result "0-1"]
[WhiteElo "2245"]
[BlackElo "2370"]
[PlyCount "118"]
[EventDate "1999.??.??"]
[EventType "tourn"]
[EventRounds "9"]
[EventCountry "FRA"]
[EventCategory "4"]
[SourceTitle "EXT 2000"]
[Source "ChessBase"]
[SourceDate "1999.11.16"]
[SourceVersion "1"]
[SourceVersionDate "1999.11.16"]
[SourceQuality "1"]

1. d4 Nf6 2. b3 c5 3. dxc5 Qa5+ 4. Bd2 Qxc5 5. Nf3 Nc6 6. e3 d6 7. Be2 g6 8. c4 Ne4 9. Nc3 Nxd2 10. Qxd2 Bg7 11. Rc1 Qa5 12. 0-0 0-0 13. h3 Be6 14. Rfd1 Rfc8 15. Nb5 Qxd2 16. Rxd2 h6 17. Nbd4 Nxd4 18. Nxd4 Bd7 19. Bg4 e6 20. Rcd1 Bf8 21. Bf3 Rab8 22. Nb5 Bxb5 23. cxb5 Rc7 24. e4 Rbc8 25. Be2 Rc1 26. Bc4 Rxd1+ 27. Rxd1 Kg7 28. f3 Kf6 29. Kf2 Ke7 30. g4 g5 31. Rh1 Bg7 32. h4 Bd4+ 33. Ke2 Kf6 34. hxg5+ hxg5 35. Rh7 Bc5 36. a4 Rf8 37. Rh5 Rd8 38. Rh7 b6 39. Bd3 Rf8 40. Rh5 Ba3 41. Kd2 Bb2 42. Kd1 Rc8 43. Rh2 Rc1+ 44. Kd2 Rc7 45. Kd1 Rc3 46. Bc4 Ba3 47. Rc2 Rxf3 48. Be2 Rxb3 49. Rc7 Rb4 50. Rxa7 Rxe4 51. Kd2 Bc5 52. Kd3 Rd4+ 53. Kc3 Rf4 54. Bd1 Ke5 55. Rc7 f6 56. Rc6 Rd4 57. Bb3 Rxg4 58. Kd3 Rb4 59. Kc3 g4 0-1

[Event "Bagneux"]
[Site "Bagneux"]
[Date "1999.??.??"]
[Round "3"]
[White "Sellos, Didier"]
[Black "Borne, Niels"]
[Result "1-0"]
[WhiteElo "2370"]
[BlackElo "2310"]
[PlyCount "153"]
[EventDate "1999.??.??"]
[EventType "tourn"]
[EventRounds "9"]
[EventCountry "FRA"]
[EventCategory "4"]
[SourceTitle "EXT 2000"]
[Source "ChessBase"]
[SourceDate "1999.11.16"]
[SourceVersion "1"]
[SourceVersionDate "1999.11.16"]
[SourceQuality "1"]

1. d4 Nf6 2. c4 e6 3. g3 Bb4+ 4. Bd2 Qe7 5. Bg2 Nc6 6. e3 Bxd2+ 7. Qxd2 Qb4 8. Na3 Qxd2+ 9. Kxd2 d6 10. Nb5 Kd8 11. Ne2 Bd7 12. Nbc3 Ke7 13. f4 Rab8 14. Rac1 Na5 15. b3 c5 16. h3 a6 17. dxc5 dxc5 18. e4 Bc6 19. Ke3 Rhd8 20. Bf3 Nd7 21. Nd1 b6 22. Nb2 Ba8 23. Rhd1 Nf8 24. Rxd8 Rxd8 25. Na4 Nd7 26. Rd1 Bc6 27. Nb2 Ba8 28. h4 Nc6 29. a3 Na5 30. Nc1 Nc6 31. Ne2 Na5 32. Rd3 Bc6 33. b4 Nb7 34. Nc3 Nd6 35. Rd1 Rc8 36. Be2 cxb4 37. axb4 a5 38. c5 bxc5 39. bxa5 Rb8 40. Nc4 Nxc4+ 41. Bxc4 Rb4 42. Kd3 Nf6 43. Ra1 Nd7 44. e5 f6 45. exf6+ gxf6 46. Rb1 Rxb1 47. Nxb1 f5 48. Nc3 Nf6 49. Ke3 Kd6 50. Ne2 Ng4+ 51. Kd2 Nf2 52. Nc3 Nh1 53. Ne2 Nf2 54. a6 Ne4+ 55. Ke3 Nf6 56. a7 Nd5+ 57. Kd2 Kc7 58. Bb5 Bb7 59. Nc3 Kb6 60. Bd7 Nc7 61. Na4+ Kxa7 62. Nxc5 Bd5 63. Kc3 Kb6 64. Kb4 Ba2 65. Na4+ Kb7 66. Kc5 Nd5 67. Bxe6 Nxf4 68. Bxa2 Ne2 69. Kd5 Nxg3 70. Ke5 Kc6 71. Nc3 Kd7 72. Kf4 Nh5+ 73. Kxf5 Ke7 74. Ne4 Kf8 75. Kg5 Ng7 76. Nf6 h5 77. Kg6 1-0

[Event "Le Touquet op 14th"]
[Site "Le Touquet"]
[Date "1999.??.??"]
[Round "1"]
[White "Sellos, Didier"]
[Black "Szylar, Eric"]
[Result "0-1"]
[WhiteElo "2383"]
[BlackElo "2139"]
[PlyCount "50"]
[EventDate "1999.10.??"]
[EventType "swiss"]
[EventRounds "9"]
[EventCountry "FRA"]
[SourceTitle "EXT 2001"]
[Source "ChessBase"]
[SourceDate "2000.11.22"]
[SourceVersion "1"]
[SourceVersionDate "2000.11.22"]
[SourceQuality "1"]

1. d4 Nf6 2. c4 g6 3. Nf3 Bg7 4. Nc3 d5 5. Bg5 0-0 6. Bxf6 Bxf6 7. cxd5 c5 8. dxc5 Qa5 9. Qd2 Na6 10. e4 Nxc5 11. e5 Bg7 12. Rc1 Bg4 13. Qd4 Bf5 14. Bb5 Ne4 15. b4 Qa3 16. Ne2 Nd6 17. Bc4 Qxb4+ 18. Nd2 b5 19. g4 Nxc4 20. Rxc4 bxc4 21. gxf5 Rac8 22. Nc3 Qc5 23. Qe4 Qa3 24. Ndb1 Qc1+ 25. Ke2 gxf5 0-1

[Event "Bagneux"]
[Site "Bagneux"]
[Date "1998.??.??"]
[Round "8"]
[White "Le Quang, Kim"]
[Black "Sellos, Didier"]
[Result "1-0"]
[WhiteElo "2265"]
[BlackElo "2405"]
[PlyCount "77"]
[EventDate "1998.07.??"]
[EventType "tourn"]
[EventRounds "9"]
[EventCountry "FRA"]
[EventCategory "3"]
[SourceTitle "EXT 1999"]
[Source "ChessBase"]
[SourceDate "1998.11.16"]
[SourceVersion "1"]
[SourceVersionDate "1998.11.16"]
[SourceQuality "1"]

1. e4 c5 2. Nf3 d6 3. d4 cxd4 4. Nxd4 Nf6 5. Nc3 g6 6. Bc4 Bg7 7. 0-0 0-0 8. h3 Nc6 9. Re1 Bd7 10. Bb3 Rc8 11. Bg5 Re8 12. Nf3 a6 13. Qd2 Na5 14. Rad1 Nxb3 15. axb3 Bc6 16. Nd5 Bxd5 17. exd5 Qc7 18. c4 b5 19. Rc1 Qb6 20. Be3 Qb7 21. Bd4 Rc7 22. Qa5 bxc4 23. bxc4 Rec8 24. Be3 Rxc4 25. Rxc4 Rxc4 26. Qd8+ Bf8 27. Rc1 Rxc1+ 28. Bxc1 Qd7 29. Qa8 Qe8 30. Qxa6 Nxd5 31. Nd4 Qb8 32. Nc6 Qb3 33. Qc8 Nb6 34. Nxe7+ Kg7 35. Bh6+ Kxh6 36. Qxf8+ Kg5 37. Ng8 Qxb2 38. Qe7+ f6 39. Qe3+ 1-0

[Event "Bagneux"]
[Site "Bagneux"]
[Date "1998.??.??"]
[Round "5"]
[White "Sellos, Didier"]
[Black "Fiol, Fabrice"]
[Result "0-1"]
[WhiteElo "2405"]
[BlackElo "2260"]
[PlyCount "82"]
[EventDate "1998.07.??"]
[EventType "tourn"]
[EventRounds "9"]
[EventCountry "FRA"]
[EventCategory "3"]
[SourceTitle "EXT 1999"]
[Source "ChessBase"]
[SourceDate "1998.11.16"]
[SourceVersion "1"]
[SourceVersionDate "1998.11.16"]
[SourceQuality "1"]

1. d4 Nf6 2. c4 e6 3. g3 d5 4. Bg2 Be7 5. Nf3 0-0 6. Qc2 dxc4 7. Qxc4 a6 8. Bf4 Nd5 9. Bd2 b5 10. Qc1 Bb7 11. 0-0 Nd7 12. Ba5 N5b6 13. Nbd2 Rc8 14. Qc2 Ba8 15. Rac1 c5 16. dxc5 Rxc5 17. Qb1 Qb8 18. Rxc5 Nxc5 19. Rc1 Nd5 20. e4 Nf6 21. e5 Nd5 22. a3 h6 23. Ne4 Nb3 24. Bd2 Nxc1 25. Qxc1 Rc8 26. Qe1 Qc7 27. h4 Qc2 28. Nd6 Bxd6 29. exd6 Rd8 30. Ba5 Rxd6 31. Qe5 Qd1+ 32. Kh2 Nb6 33. Bc3 f6 34. Qf4 Nc4 35. b3 Qxb3 36. Bb4 Rd8 37. Be7 Bxf3 38. Bxf3 Rd7 39. Bc5 Ne5 40. Bh5 Qc4 41. Be3 Qxf4 0-1

[Event "Bagneux"]
[Site "Bagneux"]
[Date "1998.??.??"]
[Round "2"]
[White "Sellos, Didier"]
[Black "Gollain, Marc"]
[Result "1-0"]
[WhiteElo "2405"]
[BlackElo "2245"]
[PlyCount "65"]
[EventDate "1998.07.??"]
[EventType "tourn"]
[EventRounds "9"]
[EventCountry "FRA"]
[EventCategory "3"]
[SourceTitle "EXT 1999"]
[Source "ChessBase"]
[SourceDate "1998.11.16"]
[SourceVersion "1"]
[SourceVersionDate "1998.11.16"]
[SourceQuality "1"]

1. d4 d5 2. c4 e6 3. Nc3 Nf6 4. Bg5 Be7 5. e3 Nbd7 6. Rc1 c6 7. cxd5 exd5 8. Bd3 Nf8 9. Qc2 Ne6 10. Bh4 g6 11. Nge2 0-0 12. 0-0 Ng7 13. f3 Bf5 14. e4 dxe4 15. fxe4 Bg4 16. Bf2 Ne6 17. h3 Bxe2 18. Nxe2 Nh5 19. Bc4 Nhg7 20. Rcd1 Qa5 21. d5 Nd8 22. d6 Bg5 23. Kh1 Nde6 24. Be1 Qd8 25. d7 Be7 26. a3 a5 27. Ba2 Qc7 28. Bg3 Qb6 29. Be5 Rad8 30. Bc3 Qa6 31. Qd2 b6 32. Ng3 Nc5 33. Qd4 1-0

[Event "Le Touquet op 13th"]
[Site "Le Touquet"]
[Date "1998.??.??"]
[Round "4"]
[White "Sellos, Didier"]
[Black "Leonardon, Marc"]
[Result "1-0"]
[WhiteElo "2405"]
[BlackElo "2190"]
[PlyCount "75"]
[EventDate "1998.10.??"]
[EventType "swiss"]
[EventRounds "7"]
[EventCountry "FRA"]
[SourceTitle "EXT 2000"]
[Source "ChessBase"]
[SourceDate "1999.11.16"]
[SourceVersion "1"]
[SourceVersionDate "1999.11.16"]
[SourceQuality "1"]

1. d4 Nf6 2. c4 g6 3. Nc3 d6 4. e4 Bg7 5. Nf3 0-0 6. Be2 e5 7. 0-0 exd4 8. Nxd4 Re8 9. Bf3 Nbd7 10. Re1 Ne5 11. Be2 Nc6 12. Nxc6 bxc6 13. Qc2 c5 14. Bg5 Be6 15. Rad1 Qc8 16. Bf1 Ng4 17. Nd5 Bxd5 18. cxd5 Rb8 19. b3 Rb4 20. h3 Ne5 21. a3 Rb8 22. Bd2 Rf8 23. Bc3 Qd8 24. f4 Nd7 25. Bxg7 Kxg7 26. e5 Qh4 27. Qc3 Qxf4 28. exd6+ f6 29. dxc7 Qxc7 30. d6 Qb6 31. Re7+ Rf7 32. Rxf7+ Kxf7 33. Bc4+ Kg7 34. Qd2 Qc6 35. Qe3 Ne5 36. Rd5 Rd8 37. Rxe5 fxe5 38. Qxe5+ 1-0

[Event "Le Touquet op 13th"]
[Site "Le Touquet"]
[Date "1998.??.??"]
[Round "6"]
[White "Sellos, Didier"]
[Black "Rizouk, Ryad"]
[Result "0-1"]
[WhiteElo "2405"]
[BlackElo "2375"]
[PlyCount "86"]
[EventDate "1998.10.??"]
[EventType "swiss"]
[EventRounds "7"]
[EventCountry "FRA"]
[SourceTitle "EXT 2000"]
[Source "ChessBase"]
[SourceDate "1999.11.16"]
[SourceVersion "1"]
[SourceVersionDate "1999.11.16"]
[SourceQuality "1"]

1. d4 Nf6 2. c4 e6 3. g3 c5 4. d5 exd5 5. cxd5 d6 6. Nc3 g6 7. Bg2 Bg7 8. Nf3 0-0 9. 0-0 Na6 10. Nd2 Nc7 11. a4 b6 12. Nc4 Ba6 13. Na3 Re8 14. Re1 Ng4 15. h3 Ne5 16. Bd2 Nc4 17. Nxc4 Bxc4 18. Rc1 Qd7 19. Bf4 Ba6 20. b3 Bb7 21. Qd2 a6 22. h4 h5 23. Kh2 b5 24. e3 b4 25. Nb1 Qe7 26. Red1 Rad8 27. e4 Na8 28. Qc2 Qc7 29. Nd2 Nb6 30. Qd3 Nd7 31. Nc4 Ne5 32. Nxe5 Bxe5 33. Bxe5 Rxe5 34. Qd2 a5 35. Qh6 Qe7 36. f4 Rxe4 37. f5 Rg4 38. Bf3 Qf6 39. Bxg4 hxg4 40. Rf1 Qb2+ 41. Kg1 Qxb3 42. Kh2 Qa2+ 43. Kg1 Qxd5 0-1

[Event "Le Touquet op 13th"]
[Site "Le Touquet"]
[Date "1998.??.??"]
[Round "2"]
[White "Therkildsen, Thomas"]
[Black "Sellos, Didier"]
[Result "0-1"]
[WhiteElo "2025"]
[BlackElo "2405"]
[PlyCount "66"]
[EventDate "1998.10.??"]
[EventType "swiss"]
[EventRounds "7"]
[EventCountry "FRA"]
[SourceTitle "EXT 2000"]
[Source "ChessBase"]
[SourceDate "1999.11.16"]
[SourceVersion "1"]
[SourceVersionDate "1999.11.16"]
[SourceQuality "1"]

1. e4 c5 2. c3 Nf6 3. e5 Nd5 4. d4 cxd4 5. Nf3 e6 6. cxd4 b6 7. Nc3 Nxc3 8. bxc3 Qc7 9. Bd2 Be7 10. Bd3 Bb7 11. 0-0 Nc6 12. Qe2 h6 13. a4 Rc8 14. Rab1 Na5 15. c4 Nxc4 16. Rfc1 Nxd2 17. Rxc7 Nxf3+ 18. gxf3 Rxc7 19. Be4 Bc8 20. f4 d5 21. Bd3 0-0 22. h4 f5 23. exf6 Bxf6 24. f5 Bxd4 25. Qg4 e5 26. Qg6 Rcf7 27. Qd6 Bxf5 28. Bxf5 Rxf5 29. Qxd5+ Kh7 30. Qe4 Kh8 31. Rf1 Rf4 32. Qg6 Rxh4 33. Kg2 Rhf4 0-1

[Event "Saint Affrique op 05th"]
[Site "Saint Affrique"]
[Date "1997.??.??"]
[Round "3"]
[White "Ali, M."]
[Black "Sellos, Didier"]
[Result "1/2-1/2"]
[WhiteElo "2155"]
[BlackElo "2435"]
[PlyCount "99"]
[EventDate "1997.07.??"]
[EventType "swiss"]
[EventRounds "9"]
[EventCountry "FRA"]
[SourceTitle "EXT 1999"]
[Source "ChessBase"]
[SourceDate "1998.11.16"]
[SourceVersion "1"]
[SourceVersionDate "1998.11.16"]
[SourceQuality "1"]

1. d4 Nf6 2. c4 e6 3. Nf3 d5 4. Nc3 c5 5. cxd5 Nxd5 6. e4 Nxc3 7. bxc3 cxd4 8. cxd4 Bb4+ 9. Bd2 Bxd2+ 10. Qxd2 0-0 11. Bd3 Nc6 12. Bc2 b6 13. 0-0 Ba6 14. Rfd1 Rc8 15. Rac1 Na5 16. Qf4 Be2 17. Rd2 Bxf3 18. Qxf3 Qg5 19. Rcd1 Rfd8 20. Bb3 Rc7 21. g3 Nxb3 22. Qxb3 Rcd7 23. Kg2 h6 24. Qf3 Qa5 25. Qb3 Kf8 26. Qc4 Rd6 27. Qd3 Qa4 28. e5 Rxd4 29. Qxd4 Rxd4 30. Rxd4 Qc6+ 31. Kg1 g5 32. Rd7 Qc2 33. R1d2 Qe4 34. Rd1 a5 35. Ra7 Qxe5 36. Rdd7 Qe1+ 37. Kg2 Qe4+ 38. Kg1 Qf5 39. Rdb7 b5 40. Rb8+ Kg7 41. Rxa5 Qb1+ 42. Kg2 Qe4+ 43. Kf1 b4 44. Ra7 e5 45. Rbb7 Qc4+ 46. Ke1 g4 47. Rc7 Qe4+ 48. Kd2 Qd4+ 49. Ke2 Qe4+ 50. Kd2 1/2-1/2

[Event "FRA-chTA 9697"]
[Site "France"]
[Date "1997.??.??"]
[Round "6"]
[White "Eliet, Nicolas"]
[Black "Sellos, Didier"]
[Result "1/2-1/2"]
[WhiteElo "2380"]
[BlackElo "2455"]
[PlyCount "107"]
[EventDate "1997.??.??"]
[EventType "team"]
[EventRounds "7"]
[EventCountry "FRA"]
[SourceTitle "EXT 1999"]
[Source "ChessBase"]
[SourceDate "1998.11.16"]
[SourceVersion "1"]
[SourceVersionDate "1998.11.16"]
[SourceQuality "1"]

1. d4 Nf6 2. Bg5 d5 3. Bxf6 exf6 4. e3 c6 5. Nd2 Be6 6. Bd3 Nd7 7. Qf3 Bd6 8. Ne2 0-0 9. 0-0 Re8 10. a3 g6 11. c4 f5 12. Nf4 Nf6 13. cxd5 cxd5 14. g3 Qb6 15. Rab1 Rac8 16. Qd1 Re7 17. Qb3 Qa5 18. Nf3 Bxf4 19. gxf4 Rec7 20. Qb4 Qxb4 21. axb4 a6 22. Ra1 Ne4 23. Ra5 f6 24. b5 axb5 25. Rxb5 Kf8 26. Kg2 Ke7 27. Ra1 Nd6 28. Rb6 Rc6 29. Rxc6 Rxc6 30. Rb1 Bd7 31. Kf1 Rb6 32. Nd2 Ne4 33. Ke2 Rb4 34. f3 Nd6 35. b3 Nc8 36. Ra1 Kd6 37. Kd1 Rb6 38. Ra5 Ne7 39. Ra8 Bc8 40. Bc2 Kc7 41. Ra5 Re6 42. Rc5+ Kb8 43. Nf1 Ra6 44. Bd3 Ra3 45. Nd2 Bd7 46. Kc1 Ra1+ 47. Nb1 Ra2 48. Rc2 Rxc2+ 49. Kxc2 Kc7 50. Nc3 Kd6 51. Kd2 Bc6 52. Na2 Bd7 53. Nb4 Be8 54. Be2 1/2-1/2